| 000 | 00634cam a2200241 a 4500 | ||
|---|---|---|---|
| 001 | 17084051 | ||
| 005 | 20180129075901.0 | ||
| 008 | 111214s2012 nyuab b 001 0 eng | ||
| 010 | _a 2011285059 | ||
| 020 | _a9780078026669 | ||
| 020 | _a0078026660 | ||
| 040 |
_aDLC _cDLC _dDLC |
||
| 041 | _aeng | ||
| 042 | _apcc | ||
| 080 | _a316 | ||
| 082 | _2316 SCH | ||
| 100 | 1 | _a50 | |
| 101 | _aSOC | ||
| 245 | 1 | 0 |
_aSociology : _cRichard T. Schaefer. |
| 906 |
_a7 _bcbc _corigcop _d2 _encip _f20 _gy-gencatlg |
||
| 942 |
_2ddc _cBK |
||
| 999 |
_c41174 _d41174 |
||